Statistics for Clash Royale Spells

Click here to take the quiz!

General Stats

  • This quiz has been taken 38 times
  • The average score is 12 of 17

Answer Stats

ElixirCards% Correct
2Zap
100%
3Arrows
89%
4Fireball
89%
6Lightning
89%
6Rocket
89%
2Log
85%
4Poison
78%
?Mirror
70%
3Clone
67%
3Earthquake
67%
2Snowball
67%
4Freeze
63%
3Goblin Barrel
59%
5Graveyard
56%
2Rage
56%
2Barbarian Barrel
48%
3Tornado
30%

Score Distribution

Percentile by Number Answered

Percent of People with Each Score

Your Score History

You have not taken this quiz